Central Library OPAC University of Rajshahi

Application of finite difference equations to shell analysis / (Record no. 12617)

MARC details
000 -LEADER
fixed length control field 00711nam a22002297a 4500
001 - CONTROL NUMBER
control field 12617
003 - CONTROL NUMBER IDENTIFIER
rucl marc code BD-RjUL
005 - DATE AND TIME OF LATEST TRANSACTION
control field 20211208235327.0
008 - FIXED-LENGTH DATA ELEMENTS--GENERAL INFORMATION
fixed length control field 140129s1967 enka|||| |||| 001 0 eng d
035 ## - SYSTEM CONTROL NUMBER
System control number (BD-RjUL)12666
040 ## - CATALOGING SOURCE
Original cataloging agency BD-RjUL
Language of cataloging eng
Transcribing agency BD-RjUL
Modifying agency BD-RjUL
041 ## - LANGUAGE CODE
Language code of text/sound track or separate title eng
082 04 - DEWEY DECIMAL CLASSIFICATION NUMBER
Edition number 20
Classification number 624.17762
Author mark and year SOA 1967
100 1# - MAIN ENTRY--PERSONAL NAME
Personal name Soare, Mirca
9 (RLIN) 39305
245 10 - TITLE STATEMENT
Title Application of finite difference equations to shell analysis /
Statement of responsibility, etc. by Mirca Soare,
260 ## - PUBLICATION, DISTRIBUTION, ETC. (IMPRINT)
Place of publication, distribution, etc. London ;
-- Oxford :
Name of publisher, distributor, etc. Pergamon Press,
Date of publication, distribution, etc. c1967
300 ## - PHYSICAL DESCRIPTION
Pagination xxi,438p. :
Illustrations illus. ;
Size 24cm.
504 ## - BIBLIOGRAPHY, ETC. NOTE
Bibliography, etc Includes index
650 #0 - SUBJECT ADDED ENTRY--TOPICAL TERM
Source of heading or term Shells (Engineering)
Topical term or geographic name as entry element Difference equations -- Numerical solutions.
9 (RLIN) 39306
942 ## - ADDED ENTRY ELEMENTS (KOHA)
Source of classification or shelving scheme Dewey Decimal Classification
Koha item type Books
Holdings
Lost status Source of classification or shelving scheme Damaged status Not for loan Collection code Permanent Location Current Location Shelving location Date acquired Source of acquisition Cost, normal purchase price Total Checkouts Full call number Date last seen Copy number Koha item type
  Dewey Decimal Classification   Not For Loan Non-fiction Central Library, University of Rajshahi Central Library, University of Rajshahi Reading Room 27/07/1971 zeitlinger 225.00   624.17762 SOA 1967 29/01/2014 C-1 Books